LDR 01188naa#a2200217#i#450# 001 RU\\bibl\123399 005 20260705194954.7 011 ## _a1994-4683 100 ## _a20230731b2023####ek#y0rusy0150####ca 102 ## _aRU 200 1# _aОСОБЕННОСТИ ДИНАМИКИ МОРФОФУНКЦИОНАЛЬНОГО СОСТОЯНИЯ СТУДЕНТОК ПРИ ЗАНЯТИЯХ ПЛАВАНИЕМ _eЖурнальная статья 210 1# _aМосква _cНациональный государственный Университет физической культуры, спорта и здоровья им. П.Ф. Лесгафта _d2023 215 ## _a4 с. 608 ## _aЖурнальная статья _2local 675 ## _aПлавание без вспомогательных средств. 797.21 _z 700 #1 _aКылосов _gАндрей Анатольевич 700 #1 _aЦирульников _gНиколай Николаевич 700 #1 _aПрокопенко _gВладимир Викторович 700 #1 _aПриходько _gАндрей Митрофанович 700 #1 _aВоробьев _gСергей Николаевич 856 4# _auchzapiski.lesgaft.spb.ru _u